[Event "Corus-B"]
[Site "Wijk aan Zee"]
[Date "2003.01.19"]
[Round "7"]
[White "Koneru, Humpy"]
[Black "Jonkman, Harmen"]
[Result "1-0"]
[WhiteElo "2496"]
[BlackElo "2436"]
[Annotator "Horn,Pe"]
[PlyCount "81"]
[EventDate "2003.01.14"]
[EventType "tourn"]
[EventRounds "13"]
[EventCountry "NED"]
[EventCategory "13"]
[SourceTitle "CBM 093"]
[Source "ChessBase"]
[SourceDate "2003.04.01"]
[SourceVersion "1"]
[SourceVersionDate "2003.04.01"]
[SourceQuality "1"]

1. Nf3 d5 2. g3 c6 3. Bg2 Bg4 4. b3 Nd7 5. Bb2 Ngf6 6. d3 e6 7. Nbd2 a5 8. a3
Bd6 9. O-O O-O 10. h3 Bh5 11. Qe1 Re8 12. e4 e5 13. Nh4 {Eine der
Standardstellungen im Königsindischen Angriff. Schwarz hat hier eine breite
Auswahl.} Rc8 {Ein eher selten gewählter Zug, der mir nicht sonderlich gefällt:
steht der R hier wirklich besser als auf a8?} (13... Qc7) (13... Bc5) (13...
Nc5) (13... Bf8) (13... Nf8) 14. Nf5 $146 ({Schärfer ging es in einer
Vorgängerpartie zur Sache:} 14. f4 $5 exf4 15. gxf4 dxe4 16. dxe4 {Eine
äußerst spannungsreiche Stellung; vielleicht hatte Jonkman irgendwo eine
Verbesserung gefunden ?} Nf8 (16... Bc5+ 17. Kh1) 17. e5 Bc5+ 18. Kh1 Rc7 19.
Nf5 g6 $2 (19... Rd7 20. Nc4 Nd5 21. Qg3 Ne6 22. Ncd6 $16) 20. Nh6+ $18 {
Podgaets,M-Beliavsky,A/Kiev 1973}) 14... Bb8 ({nach} 14... Bf8 {würde ich mich
fragen, was der Zug Rc8 geleistet hat.}) 15. b4 {nutzt die Entfernung des Bd6
aus der Diagonalen a3-f8.} a4 16. Rc1 {Prophylaxe} (16. c4) 16... Nf8 {[%cal
Yf8e6]} ({Den Vorstoß} 16... d4 {braucht Weiß nicht zu fürchten: z.B. nach} 17.
c3 {kann Schwarz den B nicht auf d4 behaupten. den rückständigen Pd3 fürchtet
Weiß wegen seiner schönen Zentralkontrolle nicht (ähnlich wie in der
Sizilianischen Verteidigung).} ({Auch} 17. f4 {gewinnt an Kraft.})) 17. Nf3 d4
{Da nun der Vorstoß f2-f4 zunächst verbaut ist, läßt Schwarz sich provozieren;
ein Zwang bestand nicht.} 18. N3h4 {Einerseits ist der Vorposten f5 ein großer
Aktivposten in der weißen Bilanz, andererseits stehen sich die weißen N nun
gegenseitig im Weg.} (18. c3 $5) 18... Ne6 19. Qd2 b6 {Nun steht Schwarz zur
Stützung des Zentrums mit c6-c5 bereit.} 20. Bf3 {Weiß schlägt den Abtausch
des schlechten (nach Pd5-d4) Läufers vor.} ({Für das prinzipielle} 20. f4 exf4
21. gxf4 {ist Weiß nicht sehr gut vorbereitet.} c5 $132) 20... Bg6 ({Da der
Bh5 auch nicht ungefährdet steht, wären vermutlich viele Spieler auf den
Abtausch} 20... Bxf3 21. Nxf3 {eingegangen.}) 21. Bd1 {Ein unübliches Feld für
den königsindischen B: er sucht neue Betätigungsfelder am Damenflügel.} Qd7 {
wirft einen schützenden Blick auf den gefährdeten Pa4.} 22. Kg2 c5 23. c4 dxc3
{Pflicht: ansonsten hätte Weiß alle Zeit der Welt, um Attacken am Königsflügel
und etl gegen den Pa4 vorzubereiten.} 24. Bxc3 cxb4 ({Die Variante} 24... Nd4
25. Bxd4 cxd4 $2 (25... exd4 $142) 26. Bxa4 $1 {zeigt die Absichten von 21.Bd1}
) 25. Bxb4 Rxc1 26. Qxc1 b5 (26... Bxf5 27. Nxf5 Qxd3 28. Ne7+ Kh8 29. Bxa4 b5
30. Bc2 Qc4 31. Bb1 $14) (26... Qxd3 27. Bxa4 Bxf5 (27... b5 28. Bc2 $16) (
27... Qxe4+ $2 28. f3 $16) 28. exf5 (28. Bxe8 $2 Nf4+ 29. gxf4 Bxh3+ 30. Kg1
Qxf1+ 31. Qxf1 Bxf1 $17) 28... b5 29. fxe6 bxa4 30. exf7+ Kxf7 31. Rd1 $14 {
mit der besseren Bauernstruktur.}) (26... Rc8 $4 27. Qxc8+ Qxc8 28. Ne7+ $18)
27. Bc2 Ba7 $6 ({Eine bessere Methode, um das Feld d4 zu kämpfen, ist
vermutlich} 27... Bxf5 28. Nxf5 g6 $13 {z.B.:} 29. Ne3 Rc8 30. Qb2 Ba7 $1 31.
Bb1 (31. Qxe5 $2 Bd4 $19) 31... Bd4 32. Qd2 Bc5 $132) 28. Bb1 Nd4 $6 ({Auch
hier kam noch} 28... Bxf5 29. Nxf5 g6 {in Betracht; allerdings eröffnen sich
hier Weiß mehr Möglichkeiten als im 27.Zug.}) 29. Nxd4 Bxd4 30. Nxg6 hxg6 31.
Qd2 (31. f4 exf4 32. Qxf4 $14) 31... Rc8 32. Rc1 Rxc1 33. Qxc1 $16 {[%csl Gb1]
[%cal Yb1a2] Das Läuferpaar spricht für Weiß.} Bb6 34. Qc3 Bd4 35. Qc2 g5 {
[%cal Yg5g4]} (35... Nh7 {[%cal Yh7g5,Yh7f8,Yf8e6] ist aktiver, hat aber den
Nachteil, das Feld d5 freizugeben.}) 36. f3 Bb6 37. Qc3 Bd4 ({Das Endspiel nach
} 37... Qd4 38. Qxd4 Bxd4 39. Ba2 {sollte langfristig für Weiß vorteilhaft
sein.}) 38. Qc1 Nh7 $2 ({Kaltblütiger wäre} 38... Ba7 {, da} 39. Qxg5 $2 {
verboten ist:} (39. Bc5 $5) 39... Qd4 $19) 39. Ba2 g6 (39... Ba7 40. Bd5 $18 {
mit Dank an den Nh7}) 40. Bd5 Bb6 (40... Kg7 41. Qc6 Nf6 42. Qxd7 Nxd7 43. Bc6
$18) 41. Qc6 1-0

[Event "Lazne Bohdanec"]
[Site "Lazne Bohdanec"]
[Date "1997.??.??"]
[Round "2"]
[White "Blatny, Pavel"]
[Black "Tibensky, Robert"]
[Result "1-0"]
[WhiteElo "2540"]
[BlackElo "2445"]
[Annotator "Horn,Pe"]
[PlyCount "105"]
[EventDate "1997.01.??"]
[EventType "tourn"]
[EventRounds "11"]
[EventCountry "CZE"]
[EventCategory "9"]
[SourceTitle "CBM 057"]
[Source "ChessBase"]
[SourceDate "1997.04.01"]
[SourceVersion "1"]
[SourceVersionDate "1997.04.01"]
[SourceQuality "1"]

1. Nf3 d5 2. b3 Bf5 3. Bb2 e6 4. g3 Nf6 5. Bg2 h6 6. d3 Bc5 7. O-O Bh7 8. a3 a5
9. Nbd2 O-O 10. c3 (10. c4) 10... c6 11. Qc2 Nbd7 12. e4 Ba7 13. b4 $2 {
Damit übertreibt Blatny etwas die Provokation.} (13. c4) 13... c5 $1 $17 {
[%csl Gh7][%cal Yc5c4] Nun ist guter Rat teuer. Der Bh7 wirkt prächtig mit den
beiden Zentralbauern zusammen.} 14. e5 Ng4 {[%cal Rc5c4]} 15. c4 d4 $1 {
[%csl Re5]} (15... axb4 16. axb4 cxb4 17. h3 (17. cxd5 exd5 18. h3 Nxf2 19.
Rxf2 Bxf2+ 20. Kxf2 Qb6+ 21. Bd4 Qc6 $17) 17... Nc5 18. Ne1 (18. hxg4 Bxd3 19.
Qd1 dxc4 $17) 18... dxc4 19. Qxc4 Nxd3 20. Nxd3 Qxd3 21. Qxd3 Bxd3 22. hxg4
Bxf1 23. Kxf1 Bb6 24. Rxa8 Rxa8 25. Nc4 Bc7 26. Bxb7 Ra2 27. f4 $14) 16. Nb3 (
16. Rfe1 Qc7 17. bxc5 Ngxe5 $17 {[%csl Rd3]}) 16... Ngxe5 17. Ne1 a4 (17...
axb4 18. axb4 Qc7 19. Ba3 (19. Na5 Rfb8) 19... cxb4 20. Bxb4 Bc5 $17) 18. Na5
b6 19. Nc6 (19. Bxa8 Qxa8 20. f4 $8 Nxd3 (20... Ng4 $2 21. Qxa4 bxa5 22. Qxd7
$16) (20... bxa5 21. fxe5 Nxe5 22. b5) 21. Nxd3 bxa5 22. b5 e5 $17) 19... Nxc6
20. Bxc6 Rc8 21. Bxa4 {[%csl Gh7] Weiß hat mühsam auf Kosten schlechtstehender
Figuren das materielle Gleichgewicht bewahrt.} (21. Qxa4 Ne5 22. Qxa7 (22. Bb7
Rc7 23. Qxa7 Qe7 24. Qxb6 $140 Rxb7 $17) 22... Nxc6 23. Qa4 Ne5 $17) 21... e5
22. Nf3 {[%csl Re5][%cal Ra4d7]} Bb8 23. Rae1 Re8 24. Nd2 f5 {[%cal Re5e4]} 25.
f3 Re7 26. Bb5 Nf6 27. bxc5 bxc5 28. a4 {Weiß hat das menschenmögliche getan,
doch der Pa4 kann nicht ganz für das schwarze Übergewicht im Zentrum
entschädigen.} Bc7 29. Nb3 Bd6 (29... Ba5 30. Nxa5 Qxa5 31. Bc1 e4 32. fxe4 (
32. Bd2 Qd8 33. Ra1 (33. Bc1)) 32... fxe4 33. dxe4 Nxe4 34. Qe2 $11) 30. a5 e4
31. a6 (31. fxe4 fxe4 32. dxe4 Qc7 $1 {[%csl Rg3]} (32... Nxe4 33. Qg2) (32...
Bxe4 33. Qd1 Ba8 (33... Qc7 34. Rxf6) 34. a6 Ne4 35. Nd2) 33. Qg2 (33. Qe2 Rxe4
$17) (33. Qf2 Bxe4 $17) (33. a6 Bxe4 $17) (33. Nd2 Bxg3 34. hxg3 Qxg3+ 35. Kh1
Re5 $19) 33... Bxe4 34. Qh3 $8 Rf8 {[%cal Ye4a8] /\ Ba8-/+}) 31... exd3 (31...
e3 32. f4 Bg6 (32... g5) 33. Ra1 Qb6) 32. Qd2 (32. Qxd3 f4 33. Qd2 fxg3 $19)
32... Ne4 $2 (32... f4 $1 33. Rxe7 Qxe7 34. Re1 Qf7 35. g4 Nd7 $17) 33. Qxd3 (
33. fxe4 fxe4 34. Qg2 e3 35. Bc6 $16) 33... Nf6 34. Qd2 f4 (34... Ra8 35. Rxe7
Qxe7 36. Re1 Qc7 37. Na5 $2 (37. Qa5 Qb8) 37... Bxg3) 35. Rxe7 Qxe7 36. Re1 Qf7
(36... Qc7 $5) 37. g4 Kh8 $2 (37... Nd7 {[%cal Yd7e5]} 38. Bxd7 (38. Na5 Ne5)
38... Qxd7 39. Qe2 $13) 38. Na5 h5 $2 (38... Ra8 39. Nb7 Qc7 40. Bc1 $16) 39.
g5 Nd7 40. Nb7 Bb8 (40... Bf8 41. Bc1 $18 {[%csl Rf4]}) 41. a7 $18 Ne5 (41...
Bxa7 42. Nd6 $18) 42. axb8=Q Nxf3+ 43. Kf2 Rxb8 44. Nd6 Qf8 45. Kxf3 Qxd6 46.
Qe2 Qg6 (46... Bf5 47. Qe5 Bg4+ 48. Kf2 $18) 47. Qe5 Qd3+ 48. Kf2 Ra8 49. Bc6
Rc8 50. Bb7 Qh3 51. Qxf4 Rd8 52. Bf3 Bg6 53. Re7 1-0

[Event "Rimavska Sobota"]
[Site "Rimavska Sobota"]
[Date "1991.??.??"]
[Round "5"]
[White "Fries Nielsen, Jens Ove"]
[Black "Hracek, Zbynek"]
[Result "0-1"]
[WhiteElo "2415"]
[BlackElo "2485"]
[Annotator "Horn,Pe"]
[PlyCount "114"]
[EventDate "1991.05.??"]
[EventType "tourn"]
[EventRounds "13"]
[EventCountry "CSR"]
[EventCategory "9"]
[SourceTitle "CBM 024"]
[Source "ChessBase"]
[SourceDate "1991.10.01"]
[SourceVersion "1"]
[SourceVersionDate "1991.10.01"]
[SourceQuality "1"]

1. Nf3 Nf6 2. g3 d5 3. Bg2 c6 4. O-O Bf5 5. d3 e6 6. Nbd2 h6 7. e3 Nbd7 8. Qe2
Bc5 9. e4 Bh7 10. h3 $6 (10. b3 {/\ Bb2}) (10. e5 $5 Ng8 (10... Ng4 $4 11. d4 {
/\ h3+-}) 11. Re1) 10... O-O 11. e5 Ne8 12. Nh2 (12. Kh1 $5 {/\ Rg1,g4}) 12...
Nc7 13. Ndf3 Re8 14. Bf4 a5 15. g4 {/\ g5} Be7 16. Bg3 (16. Kh1 $5 {/\ Rg1})
16... a4 17. a3 Nb5 (17... c5 $5) 18. Bf4 {Das Eingeständnis eines mißglückten
Aufbaus} Qb6 19. Be3 c5 20. Rab1 Qc7 21. Bf4 Rac8 22. Rbd1 c4 23. d4 Qa5 {/\ c3
} 24. c3 Nxa3 $1 25. bxa3 Qxc3 26. g5 Bd3 27. Qe3 Qxa3 28. Ra1 Qb3 29. Nd2 Qb2
30. gxh6 Bxf1 31. Rxf1 Qa3 32. Qe2 g6 33. Ng4 Qd3 34. Qe1 Qxd4 35. Be3 Qd3 36.
Nf3 c3 37. Ng5 Bxg5 38. h7+ Kxh7 39. Bxg5 Kg7 40. Bh6+ Kg8 41. Qc1 Rc4 42. Rd1
(42. Bg7 Rxg4 $1 (42... Kxg7 43. Qh6+ Kg8 44. Nf6+ Nxf6 45. exf6) 43. Qh6 Rh4
44. Qxh4 Kxg7 $19) 42... Qe2 43. Re1 Qb2 44. Qg5 {/\ Nf6+-} Rxg4 45. Qxg4 a3
46. Qa4 b5 47. Qa7 Nxe5 48. Rxe5 Qa1+ 49. Bf1 c2 50. Qc7 a2 51. Re2 Qd1 52.
Rxc2 a1=Q 53. Rc1 Qdxc1 54. Bxc1 b4 55. Bf4 b3 56. Be5 b2 57. Qb6 b1=Q 0-1

[Event "EtVas Vantaa GM"]
[Site "Myyrmanni"]
[Date "1999.07.25"]
[Round "6"]
[White "Sepp, Olav"]
[Black "Westerinen, Heikki MJ"]
[Result "1-0"]
[WhiteElo "2404"]
[BlackElo "2382"]
[Annotator "Horn,Pe"]
[PlyCount "119"]
[EventDate "1999.07.20"]
[EventType "tourn"]
[EventRounds "9"]
[EventCountry "FIN"]
[EventCategory "8"]
[SourceTitle "CBM 072"]
[Source "ChessBase"]
[SourceDate "1999.10.01"]
[SourceVersion "1"]
[SourceVersionDate "1999.10.01"]
[SourceQuality "1"]

1. Nf3 d5 2. g3 c6 3. Bg2 Bf5 4. O-O Nf6 5. d3 e6 6. Nc3 Bc5 (6... h6 {Dolmatov
} 7. Qe1 (7. Ne5 d4 8. e4 dxe3 9. fxe3 Nbd7 10. e4 Bh7 11. Nc4 Be7 12. a4 $14 {
Karlsson,L-Van der Sterren,P/Tallinn 1987}) 7... Be7 (7... Bh7 8. e4 dxe4 9.
dxe4 Bb4 10. Bd2 O-O 11. Rd1 Qc7 12. Nb5 cxb5 13. Bxb4 Rc8 14. Nd4 Nc6 15. Nxc6
Qxc6 16. f3 Qxc2 17. Rf2 Qc7 18. Rfd2 a5 19. Bd6 Qc4 20. Bf1 Qc6 21. Qe3 Bg6
22. b4 b6 {1/2-1/2 Nei,I-Furman,S/Leningrad 1963/URS-ch (22)}) 8. e4 Bh7 9. Qe2
O-O 10. Ne5 Nbd7 11. Nxd7 Qxd7 12. e5 Ne8 13. f4 f5 (13... c5 $5 {Dolmatov} 14.
Bd2 f5 15. exf6 Bxf6 16. Rae1 Nc7) 14. d4 c5 15. Be3 cxd4 16. Bxd4 a6 17. a4
Rc8 18. Qd3 (18. Qe3 $1 {Dolmatov}) 18... Bg6 $6 (18... g5 $5 $132 {Dolmatov})
19. Bf3 $14 {0-1 Hug,W-Polugaevsky,L/Biel 1986/MCL/[Dolmatov] (43)}) 7. Qe1
Nbd7 (7... h6 8. e4 Bh7 9. a3 O-O 10. b3 Nbd7 11. Bb2 b5 12. b4 Be7 13. exd5
exd5 14. Nd4 Rc8 15. Qd2 a6 16. Nd1 c5 $132 {Asanov,B-Thorhallsson,T/Reykjavik
1993}) 8. e4 dxe4 9. dxe4 Bg6 10. Nh4 Qc7 (10... Bh5) 11. Kh1 O-O-O 12. Rb1 Bd4
13. Bd2 Rhe8 (13... Nb6 14. b3 $14 {[%cal Ya2a4]}) 14. Na4 {[%csl Rd4]} Nc5 {
befreit den Bd4 aus seinen Schwierigkeiten.} 15. Nxc5 Bxc5 16. b4 Bb6 (16...
Be7) 17. Bf4 e5 18. Bg5 Qd6 19. a4 h6 20. Bc1 Bh7 21. a5 Bc7 22. a6 b6 23. Rb3
Kb8 24. Rd3 Qe6 (24... Qe7 25. Nf5 Bxf5 26. exf5 Rxd3 27. cxd3) 25. Nf5 Bxf5
26. exf5 Qxf5 (26... Qc4) 27. Qc3 Qe6 28. Bxc6 Rxd3 29. cxd3 Rd8 30. Bg2 Qd7 (
30... Rd4) 31. Bb2 Qb5 (31... Nd5) 32. Rc1 Nd5 33. Qc2 f6 (33... Qxb4 $4 34.
Qc6 $18) (33... Bd6 34. Qb3 $16) 34. Kg1 Rd7 $2 (34... Bd6 35. Qb3 Nc7 36. d4
$16) 35. Bh3 (35. d4 Nxb4 36. Qb3 $18) 35... Re7 (35... Rd6) 36. Qb3 Re8 37.
Ba3 Rd8 38. Bg2 Rd7 $2 {Versperrt der Qb5 den Rückweg.} (38... f5 $142 $16 {
Auch hier läßt die Schwäche der Diagonale h1-a8 Schlimmes befürchten, aber ich
sehe (noch) keinen direkten Gewinn.}) 39. Bh3 $2 (39. d4 $1) 39... Rd8 40. Bg2
Rd7 $2 41. d4 $1 $18 Rd8 (41... exd4 $4 42. Bf1 $18) 42. dxe5 fxe5 43. Qc2 e4 (
43... Bd6 44. Qe4 $18) 44. Bxe4 Bd6 45. Bf3 Nf6 46. Bb2 Qe8 47. Rd1 Bc7 48.
Rxd8+ Bxd8 49. Qf5 Qd7 50. Qxd7 Nxd7 51. Bxg7 Bg5 52. Bg4 Kc7 53. f4 Be7 54. b5
Nf6 55. Bf3 h5 56. Bxf6 Bxf6 57. Bxh5 Kd6 58. Kg2 Kd5 59. Kf3 Bc3 60. Be8 1-0

[Event "Corus-B"]
[Site "Wijk aan Zee"]
[Date "2001.01.25"]
[Round "8"]
[White "Visser, Yge"]
[Black "Luther, Thomas"]
[Result "0-1"]
[WhiteElo "2442"]
[BlackElo "2544"]
[Annotator "Horn,Pe"]
[PlyCount "76"]
[EventDate "2001.01.13"]
[EventType "tourn"]
[EventRounds "11"]
[EventCountry "NED"]
[EventCategory "10"]
[SourceTitle "CBM 081"]
[Source "ChessBase"]
[SourceDate "2001.03.20"]
[SourceVersion "1"]
[SourceVersionDate "2001.03.20"]
[SourceQuality "1"]

1. Nf3 d5 2. g3 c6 3. Bg2 Bg4 4. d3 Nd7 5. O-O Ngf6 6. Qe1 e5 7. h3 Bxf3 {
Das scheint angesichts der Züge h3 und Qe1 hier vollständig gerechtfertigt.} (
7... Bh5) 8. Bxf3 ({Logisch wäre} 8. exf3 {aber nach} Bd6 9. f4 O-O {hat Weiß
nichts erreicht.} 10. fxe5 Bxe5 (10... Nxe5 11. Be3 Re8 12. Qd1 Ng6 13. Re1 h5
14. Nd2 h4 15. Nf1 Qc7 16. Qf3 Ne5 17. Qf5 Nh7 18. Qh5 Ng6 $11 {Beliavsky,
A-Sax,G/Bled 1999}) 11. Nd2 Re8 12. Qd1 Qb6 13. Kh1 Re7 14. Nf3 Bd6 $11 {
Djuric,S-Damljanovic,B/Belgrade 1998}) 8... e4 $146 {Das ist nur deswegen neu,
weil die Stellung bislang kaum auf dem Brett war. Ansonsten ist der Zug
naheliegend.} 9. Bg2 Bc5 10. c4 O-O 11. cxd5 cxd5 12. Nc3 Re8 13. dxe4 d4 {
Luther deutet an, daß er nicht nur friedliche Absichten in dieser Partie
verfolgt. Sein Spiel richtet sich gegen den Pe2.} (13... dxe4 $11) 14. Nd5 Nxe4
15. Bf4 Rc8 16. Qb1 f5 17. b4 Bb6 18. Qb3 (18. Nxb6 Nxb6 $15 {und die N sind
offenbar nicht schlechter als die B.}) 18... Kh8 19. Rac1 Rc6 20. a4 (20. Rfd1)
20... g5 $5 (20... Ndf6) 21. Bxe4 (21. a5 $2 gxf4 22. Bxe4 (22. axb6 Nd2 $17)
22... fxe4 23. axb6 fxg3 $17) 21... gxf4 ({Nach} 21... fxe4 22. Bd2 {muß
Schwarz wegen seines gefährdeten Kh8 arg aufpassen.}) 22. Bxf5 fxg3 23. Rxc6 (
23. Qxg3 $2 Rg8 24. Bg4 h5 25. Rxc6 bxc6 26. Qd6 Rg7 27. Nxb6 axb6 28. Qh6+ (
28. Qxd4 hxg4 29. hxg4 Qh4 $1 $19) 28... Rh7 29. Qxc6 hxg4 30. hxg4 Ne5 31. Qe6
Qc7 $1 $17) 23... bxc6 24. Nxb6 axb6 (24... gxf2+ 25. Rxf2 axb6 26. Rg2 $11)
25. Qf7 ({Einfacher war} 25. fxg3 $142 Re3 26. Qd1 Ne5 $1 (26... Rxg3+ $2 27.
Kh2 Rg7 28. Qxd4 $16) 27. Kh2 Qg5 28. Qxd4 (28. Qe1 $2 d3) 28... Qxg3+ 29. Kh1
Rxe2 30. Qd8+ Qg8 31. Qxg8+ Kxg8 32. a5 $14) 25... Re7 26. Qh5 gxf2+ 27. Rxf2
Nf6 28. Qh4 Qd6 29. Bg4 $6 (29. Bd3 {sieht besser aus:} Rg7+ 30. Kh1 Qd5+ 31.
Kh2 $11) 29... Nxg4 30. hxg4 Rg7 (30... d3 31. exd3 Re1+ 32. Rf1 Rxf1+ 33. Kxf1
Qxd3+ 34. Kg2 $11 {und der schwarze Vorteil ist nur mikroskopisch.}) 31. Qh5 (
31. a5 bxa5 32. bxa5 c5 33. a6 c4 $17) 31... d3 (31... Rg6) 32. exd3 Qg3+ 33.
Rg2 (33. Kh1 Qxf2 34. Qe8+ Rg8 35. Qe5+ $11) 33... Qe3+ 34. Kh2 (34. Rf2 Rg5
35. Qh4 h5 36. Kh2 $11) 34... Qf4+ 35. Kg1 (35. Rg3 Re7 36. Qf5 Re2+ 37. Kh1 $1
(37. Kh3 Qh6+ 38. Qh5 Qd2 39. Rg2 Qxd3+ $19) 37... Qh6+ 38. Qh5 $15) 35... Re7
36. Rf2 $2 ({Es scheint, daß nach} 36. Qh4 $15 {die Welt noch in Ordnung war.})
36... Qg3+ 37. Kf1 Qxd3+ 38. Kg2 Qe4+ 0-1

[Event "NED-ch46"]
[Site "Eindhoven"]
[Date "1991.06.19"]
[Round "8"]
[White "Van Wely, Loek"]
[Black "De Boer, Gert Jan"]
[Result "1-0"]
[WhiteElo "2475"]
[BlackElo "2430"]
[Annotator "Horn,Pe"]
[PlyCount "77"]
[EventDate "1991.06.10"]
[EventType "tourn"]
[EventRounds "11"]
[EventCountry "NED"]
[EventCategory "9"]
[SourceTitle "CBM 026"]
[Source "ChessBase"]
[SourceDate "1992.02.01"]
[SourceVersion "1"]
[SourceVersionDate "1992.02.01"]
[SourceQuality "1"]

1. Nf3 Nf6 2. g3 d5 3. Bg2 c6 4. O-O Bg4 5. b3 Nbd7 6. Bb2 e6 7. d3 Bd6 8. Nbd2
O-O 9. h3 Bh5 10. e4 e5 11. Qe1 Re8 12. Nh4 Qc7 (12... Nc5) (12... Bg6) 13. Nf5
{N} (13. Kh1 Bg6 14. Nxg6 hxg6 15. Qe2 a5 16. a3 Nc5 $10 {Espig-Brenninkmeijer,
Novi Sad ol 1990}) 13... Bf8 14. a4 a5 15. Ne3 dxe4 16. dxe4 Bb4 17. Nf5 Rad8
18. Qe3 Nc5 (18... Bc5 19. Qg5 Bg6) 19. Bc3 Ne6 20. Nc4 Bxc3 21. Qxc3 Be2 22.
Rfe1 Bxc4 23. Qxc4 g6 24. Nh4 Qb6 25. Nf3 Nd4 26. Rad1 Nxf3+ 27. Bxf3 Rxd1 28.
Rxd1 Rd8 29. Rxd8+ Qxd8 30. c3 Qd6 (30... Qd2 31. b4 Qc1+ 32. Kg2 axb4 33. Qxb4
) 31. b4 axb4 $2 (31... b6 32. bxa5 bxa5 $10) 32. cxb4 Nd7 (32... b6 33. a5)
33. a5 Nb8 (33... b5 34. Qa2 Qxb4 35. a6 Nb6 36. a7 Na8 37. Qa6 Qf8 38. Qxc6
$18) 34. b5 Qc7 (34... cxb5 35. Qc8+ Kg7 36. Qxb7 b4 37. Be2 $18) 35. Qc3 Qd6
36. Be2 Qc7 37. a6 Qb6 38. Qa3 Qa7 $2 (38... bxa6 39. bxa6 Qa7 40. Qd6 $18) 39.
b6 $1 $18 1-0

[Event "Sydney Cepacol"]
[Site "Sydney"]
[Date "1991.??.??"]
[Round "7"]
[White "Miles, Anthony John"]
[Black "Adianto, Utut"]
[Result "1-0"]
[WhiteElo "2585"]
[BlackElo "2470"]
[Annotator "Horn,Pe"]
[PlyCount "119"]
[EventDate "1991.01.??"]
[EventType "tourn"]
[EventRounds "9"]
[EventCountry "AUS"]
[EventCategory "9"]
[SourceTitle "CBM 023"]
[Source "ChessBase"]
[SourceDate "1991.08.01"]
[SourceVersion "1"]
[SourceVersionDate "1991.08.01"]
[SourceQuality "1"]

1. Nf3 Nf6 2. g3 d5 3. Bg2 Bf5 4. c4 dxc4 5. Na3 Qd5 {N} (5... Be6 6. O-O (6.
Ng5 Bd5 7. e4 Bc6 8. Nxc4 h6 9. Nxf7 Kxf7 10. Ne5+ Kg8 11. O-O Be8 12. Qb3+ e6
{Dizdar-Kortschnoj, Sarajevo 1984} 13. Qxb7 Nbd7 14. Nc6 Qc8 15. Qxc8 Rxc8 16.
Nxa7 $13) 6... Nbd7 7. Ng5 Bd5 8. Bxd5 Nxd5 {Plachetka-Horvath, Budapest 1986}
9. Nxc4 e6 10. Nf3 $14) 6. Qa4+ c6 7. Qxc4 $14 e6 8. b3 h6 9. O-O Be7 10. Bb2
Qd8 11. d3 O-O 12. Qc2 Nbd7 13. Nc4 Bh7 14. a3 a5 15. Rac1 Nc5 16. Bd4 Nfd7 17.
Qb2 Bf6 18. Bxf6 Qxf6 19. Qxf6 Nxf6 20. Nfd2 Ra7 21. Nd6 Ncd7 22. Rc2 Rb8 23.
Rb1 Kf8 24. b4 Ke7 25. N6c4 axb4 26. axb4 Nd5 27. Bf3 Ra4 $2 (27... Nc7 $5 {
/\ Nb5+/=}) 28. b5 $1 $16 c5 29. b6 $1 Rba8 30. Ne3 N5xb6 31. Bxb7 R8a7 32. Bf3
g5 33. Kg2 Bg6 34. Ndc4 Nxc4 35. Nxc4 Rc7 36. Rb5 h5 37. h3 f5 38. g4 hxg4 39.
hxg4 Be8 40. Rb7 Rxb7 41. Bxb7 Ra7 42. Bf3 Rc7 43. Rb2 Nf6 44. Kg3 Ra7 45. Rb6
Ra2 46. Rb7+ Kf8 47. Ne5 fxg4 48. Nxg4 Nh5+ (48... Nxg4 49. Kxg4 Ra5 50. Rc7
$18) 49. Kh2 Nf4 50. Nf6 Bg6 51. Nd7+ Kg7 52. Ne5+ Kg8 53. e3 Rxf2+ 54. Kg3
Rxf3+ 55. Kxf3 Bh5+ 56. Kf2 Nd5 57. Nd7 Kf7 58. Nxc5+ Kf6 59. Nd7+ Ke7 60. Nb6+
1-0

[Event "Altensteig"]
[Site "Altensteig"]
[Date "1991.??.??"]
[Round "10"]
[White "Smejkal, Jan"]
[Black "Boensch, Uwe"]
[Result "1-0"]
[WhiteElo "2555"]
[BlackElo "2560"]
[Annotator "Horn,Pe"]
[PlyCount "129"]
[EventDate "1991.07.??"]
[EventType "tourn"]
[EventRounds "11"]
[EventCountry "GER"]
[EventCategory "11"]
[SourceTitle "CBM 025"]
[Source "ChessBase"]
[SourceDate "1991.12.01"]
[SourceVersion "1"]
[SourceVersionDate "1991.12.01"]
[SourceQuality "1"]

1. Nf3 d5 2. g3 c6 3. Bg2 Bg4 4. d3 Nd7 5. O-O Ngf6 6. Qe1 e5 7. e4 dxe4 8.
dxe4 Bc5 9. Nbd2 O-O 10. h3 Bh5 11. Nb3 Bb6 {N} (11... Be7 12. Nh4 $14 {
Carlier-Bottema, Dieren op 1990}) 12. a4 a6 (12... a5 $5 13. Bd2 Bxf3 14. Bxf3
Nc5 $10) 13. a5 $14 Ba7 14. Be3 Bxe3 15. Qxe3 Qe7 16. Nh4 Qb4 17. Ra3 {/\ c3}
Rfd8 18. c3 Qf8 (18... Qb5 $2 19. Re1 {/\ Bf1+-}) 19. Re1 Ne8 20. Bf1 {/\ Bc4}
Nd6 21. Qg5 Nf6 22. Nd2 {/\ Nc4} h6 23. Qe3 Rd7 24. Nc4 Nxc4 25. Bxc4 Kh8 (
25... Rad8 $4 26. g4 Bg6 27. Nxg6 $18) 26. Raa1 Rad8 27. b4 Nh7 28. Qc5 $1 Qxc5
29. bxc5 Ng5 30. Kg2 Rd2 (30... Ne6 $2 31. Bxe6 fxe6 32. g4 Bf7 33. Nf3 $18) (
30... f6 $1 31. Nf5 (31. f4 $2 Rd2+) 31... Bf7 32. Bxf7 Nxf7 33. Rab1 $14) 31.
g4 Bg6 32. Nxg6+ fxg6 33. Ra2 Rxa2 34. Bxa2 Rd2 (34... Rd3 35. Rb1 Rxc3 36.
Rxb7 Rxc5 37. Rb8+ Kh7 38. h4 $18) 35. Bc4 {Seltsamerweise kommt Schwarz nicht
an die P-Schwächen heran.} Rc2 $2 (35... Nh7) 36. Re3 Rd2 37. Kg3 Nh7 38. f4 $1
{Bildet den entscheidenden Frei-P.} exf4+ 39. Kxf4 g5+ 40. Kf5 Nf8 41. Rd3 Rf2+
42. Ke5 Rf6 43. Rd6 Ng6+ 44. Kd4 Nh4 45. Rd8+ Kh7 46. Rb8 Nf3+ 47. Ke3 Ne5 48.
Bg8+ Kg6 49. Re8 Nd7 50. e5 Rf8 51. Rxf8 Nxf8 52. Kd4 h5 53. c4 h4 54. Ke3 {
Zugzwang} Kh6 (54... Nd7 55. e6 Nf6 56. Bf7+ Kh6 57. e7 $18) 55. e6 Ng6 56. Ke4
Ne7 57. Bf7 Kh7 58. Kd4 Kh6 59. Ke4 Kh7 60. Kd4 Kh6 61. Ke5 Nc8 62. e7 (62. Be8
Kh7 63. Bd7 Ne7 64. Kd6 $18) 62... Nxe7 63. Ke6 Ng6 64. Bxg6 Kxg6 65. Ke7 1-0